| 000 | 00431nam a22001577a 4500 | ||
|---|---|---|---|
| 005 | 20170602094023.0 | ||
| 008 | 170602b xxu||||| |||| 00| 0 eng d | ||
| 020 | _a9781850659570 | ||
| 040 | _cPK-LaUMT | ||
| 082 |
_a282.09045 _bIAN-G |
||
| 100 | _aIan Linden | ||
| 245 |
_aGlobal catholicism: _bdiversity and change since vatican 2/ _cIan Linden |
||
| 260 |
_aLondon: _bHurst and company, _c2009 |
||
| 300 | _a337 p. | ||
| 942 | _cBK | ||
| 999 |
_c94250 _d94250 |
||